[Event "Politiken Cup"]
[Site "Helsingor DEN"]
[Date "2009.07.26"]
[Round "10"]
[White "Hector,J"]
[Black "Aloma Vidal,R"]
[Result "1-0"]
[WhiteElo "2556"]
[BlackElo "2418"]
[EventDate "2009.07.18"]

1. e4 Nf6 2. Nc3 d5 3. e5 Ne4 4. Nce2 f6 5. d3 Ng5 6. f4 Nf7 7. d4 c5 8.
Nf3 Nc6 9. dxc5 fxe5 10. fxe5 e6 11. Be3 Bd7 12. Ned4 Nxd4 13. Qxd4 g5 14.
h4 Rc8 15. b4 b6 16. hxg5 bxc5 17. Qf4 d4 18. Bd2 Bg7 19. Bd3 Qc7 20. g6
Nxe5 21. Nxe5 Qxe5+ 22. Qxe5 Bxe5 23. bxc5 hxg6 24. Rxh8+ Bxh8 25. Bxg6+
Ke7 26. Be4 Kf6 27. Bb4 Kg5 28. Kd2 Be5 29. Rh1 Bf4+ 30. Kd3 Be5 31. Bd2+
Bf4 32. Bxf4+ Kxf4 33. Rh4+ Ke5 34. Rh5+ Kf4 35. Kxd4 Bb5 36. Rh4+ Kg3 37.
Rh3+ Kg4 38. Rh7 a6 39. Rg7+ Kf4 1-0

[Event "Politiken Cup"]
[Site "Helsingor DEN"]
[Date "2009.07.26"]
[Round "10"]
[White "Alsina Leal,D"]
[Black "Lund,E"]
[Result "1-0"]
[WhiteElo "2529"]
[BlackElo "2412"]
[EventDate "2009.07.18"]

1. e4 e5 2. Nf3 Nc6 3. Bb5 Nf6 4. O-O Nxe4 5. d4 Nd6 6. Bxc6 dxc6 7. dxe5
Nf5 8. Qxd8+ Kxd8 9. Nc3 a5 10. h3 Ke8 11. Bf4 h6 12. Rad1 Be6 13. a3 Rd8
14. g4 Ne7 15. Nd4 Bc4 16. Rfe1 Ng6 17. Bg3 h5 18. e6 Bc5 19. Nf5 Rxd1 20.
Rxd1 hxg4 21. hxg4 fxe6 22. Nxg7+ Ke7 23. Bxc7 Rg8 24. Nh5 Nh4 25. Ng3 Bd4
26. Nce4 Bxb2 27. Bd6+ Ke8 28. c3 Bxc3 29. Nxc3 Rxg4 30. Nce4 Kf7 31. f4
Bd5 32. Kf2 Ng6 33. Ke3 Nh4 34. a4 Nf5+ 35. Nxf5 exf5 36. Nc3 Rg3+ 37. Kd4
Bb3 38. Rb1 Ke6 39. Be5 b5 40. Rxb3 b4 41. Kc4 1-0

[Event "Politiken Cup"]
[Site "Helsingor DEN"]
[Date "2009.07.26"]
[Round "10"]
[White "Thomassen,J"]
[Black "Schandorff,L"]
[Result "1/2-1/2"]
[WhiteElo "2300"]
[BlackElo "2510"]
[EventDate "2009.07.18"]

1. e4 c6 2. d4 d5 3. e5 Bf5 4. Be3 e6 5. Nd2 Nd7 6. Be2 Ne7 7. Ngf3 Nc8 8.
O-O Be7 9. Ne1 Bg6 10. f4 h5 11. Nd3 Qc7 12. Rc1 a6 13. c4 dxc4 14. Nxc4
Ncb6 15. Qb3 Nxc4 16. Qxc4 Nb6 17. Qb3 Nd5 18. Bd2 Qb6 19. Qxb6 Nxb6 20.
Nc5 Bxc5 21. dxc5 Nd5 22. Bc4 O-O-O 23. Bxd5 Rxd5 24. Ba5 h4 25. Rfd1 Be4
26. Rxd5 Bxd5 27. a3 Rg8 28. Bd2 Be4 29. Kf2 Rd8 30. Be3 f6 31. Rc4 Bd5 32.
Rd4 Rf8 33. exf6 Rxf6 34. Kg1 Rg6 35. Rd2 Rg4 36. Rf2 a5 37. Bd2 a4 38. h3
Rg3 39. Kh2 Kd7 40. Re2 Rg6 41. Be1 Rf6 42. Bxh4 Rxf4 43. Bg3 Rf5 44. Rf2
Rxf2 1/2-1/2

[Event "Politiken Cup"]
[Site "Helsingor DEN"]
[Date "2009.07.26"]
[Round "10"]
[White "Rantanen,Y"]
[Black "Cmilyte,V"]
[Result "0-1"]
[WhiteElo "2376"]
[BlackElo "2470"]
[EventDate "2009.07.18"]

1. d4 f5 2. Bf4 Nf6 3. e3 d6 4. c3 c6 5. h3 g6 6. Qb3 Bg7 7. Nd2 a5 8. a4
Nbd7 9. Ngf3 Nd5 10. Bh2 N7f6 11. Bd3 Qc7 12. e4 fxe4 13. Nxe4 Bf5 14. Qc2
Qd7 15. O-O O-O 16. Rae1 Nh5 17. Neg5 Nhf4 18. Bxf4 Nxf4 19. Bxf5 Rxf5 20.
Qe4 e5 21. dxe5 dxe5 22. g4 Rff8 23. Nxe5 Bxe5 24. Qxe5 h6 25. Ne6 Nxh3+
26. Kg2 Nf4+ 27. Kg3 h5 28. f3 h4+ 0-1

[Event "Politiken Cup"]
[Site "Helsingor DEN"]
[Date "2009.07.26"]
[Round "10"]
[White "Rasmussen,A"]
[Black "Larsen,Ka"]
[Result "1-0"]
[WhiteElo "2536"]
[BlackElo "2337"]
[EventDate "2009.07.18"]

1. e4 g6 2. d4 c6 3. Nc3 d5 4. h3 Bg7 5. Nf3 Nf6 6. e5 Nfd7 7. Ne2 e6 8. c3
c5 9. h4 h5 10. Nf4 Nc6 11. Bd3 Ne7 12. Ng5 Nf8 13. Qf3 Nf5 14. Bxf5 exf5
15. Qxd5 Qe7 16. Qb3 Ne6 17. Ngxe6 Bxe6 18. d5 Bd7 19. O-O O-O 20. d6 Qxh4
21. Nxg6 Qg4 22. Nxf8 Bc6 23. f3 Qg3 24. Nd7 Bxd7 25. Qxb7 Rd8 26. Qc7 Qh4
27. Bf4 1-0

[Event "Politiken Cup"]
[Site "Helsingor DEN"]
[Date "2009.07.26"]
[Round "10"]
[White "Matthiesen,A"]
[Black "Sebag,M"]
[Result "1/2-1/2"]
[WhiteElo "2324"]
[BlackElo "2531"]
[EventDate "2009.07.18"]

1. d4 d5 2. c4 c6 3. Nf3 Nf6 4. Nc3 e6 5. g3 Nbd7 6. Qd3 Be7 7. Bg2 O-O 8.
O-O b6 9. cxd5 Nxd5 10. Nxd5 exd5 11. Bf4 Bb7 12. Rac1 c5 13. b3 Re8 14.
dxc5 Nxc5 15. Qd2 Bf6 16. Bg5 Rc8 17. Bxf6 Qxf6 18. Nd4 Ne4 19. Bxe4 dxe4
20. Rxc8 Bxc8 21. Qe3 h5 22. h4 Rd8 23. Rd1 Bb7 24. Rd2 Rc8 25. Rd1 Rd8 26.
Rd2 a6 27. a3 Rc8 28. Rd1 g6 29. Kf1 Kg7 30. Ke1 b5 31. Qd2 Qe7 32. Qb2 Kg8
33. Rc1 e3 34. Rxc8+ Bxc8 35. Qc3 exf2+ 36. Kxf2 Bb7 37. b4 Qf6+ 38. Ke1
Kg7 39. Kd2 Kh7 40. Qc5 Qf2 41. Qe5 Qg1 42. Qf6 Bd5 43. Nf5 gxf5 44. Qxf5+
Kg7 45. Qg5+ Kf8 46. Qd8+ Kg7 47. Qg5+ Kf8 48. Qxd5 Qxg3 49. Qxh5 Qxa3 50.
Qh6+ Kg8 51. Qg5+ Kh7 52. Qh5+ 1/2-1/2

[Event "Politiken Cup"]
[Site "Helsingor DEN"]
[Date "2009.07.26"]
[Round "10"]
[White "Hess,C1"]
[Black "Tazbir,M"]
[Result "0-1"]
[WhiteElo "2257"]
[BlackElo "2500"]
[EventDate "2009.07.18"]

1. Nf3 g6 2. e4 c6 3. c4 d5 4. exd5 cxd5 5. cxd5 Nf6 6. Nc3 Bg7 7. Bc4 O-O
8. O-O Na6 9. d4 Nc7 10. Re1 Qd6 11. Bg5 Ncxd5 12. Re5 Nxc3 13. bxc3 e6 14.
Qd2 b6 15. Rae1 Qc7 16. Bb3 Bb7 17. Bf4 Qd8 18. Ng5 Nd5 19. R5e2 Rc8 20.
Ne4 Ba6 21. Bg5 f6 22. Nxf6+ Bxf6 23. Bxf6 Nxf6 24. Bxe6+ Kg7 25. Re3 Rc7
26. Rh3 Nh5 27. Re4 Bc8 28. d5 Bxe6 29. Qd4+ Qf6 30. dxe6 Qxd4 31. Rxd4 Re7
32. Re3 Rfe8 33. g3 Kg8 34. Rd7 Ng7 0-1

[Event "Politiken Cup"]
[Site "Helsingor DEN"]
[Date "2009.07.26"]
[Round "10"]
[White "Brynell,S"]
[Black "Bejtovic,J"]
[Result "1-0"]
[WhiteElo "2471"]
[BlackElo "2307"]
[EventDate "2009.07.18"]

1. d4 Nf6 2. c4 g6 3. g3 Bg7 4. Bg2 O-O 5. Nc3 d6 6. Nf3 c5 7. O-O Nc6 8.
dxc5 dxc5 9. Be3 Be6 10. Qa4 Nd4 11. Rac1 Qb6 12. Nxd4 cxd4 13. c5 Qxc5 14.
Nd5 Qd6 15. Bf4 Qd7 16. Qxd7 Bxd7 17. Nxe7+ Kh8 18. Bxb7 Rae8 19. Bd6 Bh3
20. Rfd1 Rd8 21. Ba3 Rb8 22. Bg2 Bxg2 23. Kxg2 Rfe8 24. Nc6 Rb7 25. Nxd4
Rd7 26. e3 Nd5 27. Nb5 Red8 28. Nd6 Rxd6 29. Bxd6 Rxd6 30. e4 Bxb2 31. Rc8+
1-0

[Event "Politiken Cup"]
[Site "Helsingor DEN"]
[Date "2009.07.26"]
[Round "10"]
[White "Pedersen,Stef"]
[Black "Carlstedt,J"]
[Result "1/2-1/2"]
[WhiteElo "2435"]
[BlackElo "2309"]
[EventDate "2009.07.18"]

1. d4 d5 2. c4 e6 3. Nc3 c5 4. cxd5 exd5 5. Nf3 Nc6 6. g3 Nf6 7. Bg2 Be7 8.
O-O O-O 9. dxc5 Bxc5 10. Bg5 d4 11. Bxf6 Qxf6 12. Nd5 Qf5 13. Nf4 Bb6 14.
Nd2 Rd8 15. Rc1 Qb5 16. Qb3 Qxb3 17. Nxb3 g5 18. Nd3 Bg4 19. Rfe1 Re8 20.
Kf1 Rac8 21. h3 Bf5 22. Red1 Bxd3 23. exd3 Nb4 24. a3 Rxc1 25. Nxc1 Nc6 26.
Bxc6 bxc6 27. Rd2 Rb8 28. Rc2 c5 29. Nb3 f6 30. Nd2 Kf7 31. Ne4 Kg6 32. a4
a5 33. Nd2 h5 34. Ke2 g4 35. hxg4 hxg4 36. Kd1 f5 37. Nb3 Rc8 38. Ke1 Rc7
39. Kf1 Kf6 40. Nd2 Rh7 41. Kg2 Re7 42. Kf1 Rh7 43. Kg2 Re7 44. Rc1 Kg6 45.
Rh1 Re8 46. Ra1 Bc7 47. Rc1 Bb6 48. Nb3 Re2 49. Nxd4 Rxb2 50. Ne6 c4 51.
dxc4 Rxf2+ 52. Kh1 Kf7 53. c5 Kxe6 54. cxb6 Rb2 55. Rc5 Rxb6 56. Rxa5 Rb3
57. Kg2 Rb2+ 58. Kf1 Ra2 59. Kg1 1/2-1/2

[Event "Politiken Cup"]
[Site "Helsingor DEN"]
[Date "2009.07.26"]
[Round "10"]
[White "Bach,Mat"]
[Black "Kristiansen,Jen"]
[Result "0-1"]
[WhiteElo "2307"]
[BlackElo "2435"]
[EventDate "2009.07.18"]

1. d4 f5 2. e4 fxe4 3. Nc3 Nf6 4. f3 d5 5. Bg5 Bf5 6. Nge2 exf3 7. Ng3 Qd7
8. Qxf3 Bxc2 9. Bb5 Nc6 10. O-O Bg6 11. Rac1 e6 12. Bxf6 gxf6 13. Nxd5 Qxd5
14. Qxf6 Rg8 15. Rfe1 Kd7 16. Re5 Qxd4+ 17. Kh1 Re8 18. Ne2 Qd2 19. Qf3 Bd6
20. Rxc6 bxc6 21. Qxc6+ Ke7 22. Qd7+ Kf6 23. Ng1 Be4 0-1

[Event "Politiken Cup"]
[Site "Helsingor DEN"]
[Date "2009.07.26"]
[Round "10"]
[White "Berg,K"]
[Black "Veng,J"]
[Result "1-0"]
[WhiteElo "2432"]
[BlackElo "2243"]
[EventDate "2009.07.18"]

1. d4 g6 2. e4 Bg7 3. Nc3 d6 4. Be3 a6 5. Qd2 b5 6. h4 h5 7. O-O-O Bb7 8.
Nh3 Nd7 9. Ng5 Rc8 10. f4 Nh6 11. e5 Nf8 12. Bd3 Qd7 13. Rhe1 b4 14. Nce4
a5 15. Bg1 Bd5 16. c4 bxc3 17. Nxc3 c6 18. Nxd5 cxd5+ 19. Kb1 dxe5 20. Qxa5
Rb8 21. dxe5 Ne6 22. a4 O-O 23. Bb5 Rxb5 24. Qxb5 Qxb5 25. axb5 Nxf4 26. g3
Ne6 27. Rxd5 Ng4 28. b6 Nxg5 29. hxg5 Rb8 30. Rd7 Bf8 31. b7 1-0

[Event "Politiken Cup"]
[Site "Helsingor DEN"]
[Date "2009.07.26"]
[Round "10"]
[White "Semcesen,D"]
[Black "Nielsen,LA"]
[Result "1-0"]
[WhiteElo "2418"]
[BlackElo "2233"]
[EventDate "2009.07.18"]

1. c4 b6 2. d4 e6 3. a3 d5 4. Nf3 Nf6 5. Bg5 Be7 6. Qa4+ c6 7. cxd5 exd5 8.
Ne5 Bb7 9. Nc3 O-O 10. e3 Ne4 11. Bf4 Nxc3 12. bxc3 Bd6 13. Bg3 Bxe5 14.
Bxe5 Nd7 15. Bg3 f5 16. Bd3 Qf6 17. O-O g5 18. f3 Rf7 19. Rae1 f4 20. Bf2
b5 21. Qc2 Nb6 22. exf4 gxf4 23. Re5 Raf8 24. Rh5 h6 25. Bh4 Qg7 26. Bg6
Nc4 27. Bxf7+ Rxf7 28. Re1 Ne3 29. Rxe3 fxe3 30. Qe2 Qg6 31. Re5 Bc8 32.
Qxe3 Bh3 33. Qe2 Qb1+ 34. Kf2 Bf5 35. Re8+ Kh7 36. h3 Bd3 37. Qd2 Bf5 38.
Bg3 Qc2 39. Qxc2 Bxc2 40. Be5 Rb7 41. Rc8 Ba4 42. g4 1-0

[Event "Politiken Cup"]
[Site "Helsingor DEN"]
[Date "2009.07.26"]
[Round "10"]
[White "Bulski,K"]
[Black "Nielsen,JanM"]
[Result "1-0"]
[WhiteElo "2392"]
[BlackElo "2115"]
[EventDate "2009.07.18"]

1. e4 e5 2. Nf3 Nc6 3. Bb5 a6 4. Ba4 Nf6 5. O-O Bc5 6. c3 b5 7. Bb3 Bb6 8.
d4 exd4 9. e5 Ng8 10. cxd4 d5 11. exd6 Qxd6 12. Ng5 Nh6 13. Re1+ Kf8 14.
Nc3 Bg4 15. Qc2 Rd8 16. Be3 Nxd4 17. Bxd4 Bxd4 18. Nce4 Qb6 19. Rac1 c5 20.
Nxc5 Bf5 21. Nce4 Ng4 22. Qc7 1-0

[Event "Politiken Cup"]
[Site "Helsingor DEN"]
[Date "2009.07.26"]
[Round "10"]
[White "Gajic,Ml"]
[Black "Thorfinnsson,Br"]
[Result "1-0"]
[WhiteElo "2249"]
[BlackElo "2377"]
[EventDate "2009.07.18"]

1. e4 c5 2. c3 Qa5 3. Nf3 Nc6 4. Bc4 b5 5. Bb3 c4 6. Bc2 d6 7. d3 cxd3 8.
Qxd3 Nf6 9. b4 Qb6 10. Be3 Qb7 11. a4 bxa4 12. Bxa4 Bd7 13. h3 g6 14. Nbd2
Bg7 15. Nd4 O-O 16. Nxc6 Bxc6 17. Bxc6 Qxc6 18. Ra6 Qc7 19. O-O Nd7 20. c4
Rfc8 21. Rc1 Ne5 22. Qa3 Nc6 23. Nb3 Qb7 24. b5 Ne5 25. Na5 Qxe4 26. Bxa7
Nd3 27. Rf1 Ne1 28. Qg3 Rxa7 29. Rxa7 Bd4 30. Ra6 Rc5 31. Nb3 Rxc4 32. Nd2
1-0

[Event "Politiken Cup"]
[Site "Helsingor DEN"]
[Date "2009.07.26"]
[Round "10"]
[White "Solberg,J"]
[Black "Carstensen,J"]
[Result "1/2-1/2"]
[WhiteElo "2222"]
[BlackElo "2330"]
[EventDate "2009.07.18"]

1. e4 c5 2. Nf3 d6 3. d4 cxd4 4. Nxd4 Nf6 5. Nc3 a6 6. f4 e5 7. Nf3 Nbd7 8.
Bd3 Be7 9. O-O b5 10. a3 Bb7 11. Kh1 O-O 12. Qe2 Qc7 13. Bd2 Rfe8 14. Rae1
Bf8 15. fxe5 dxe5 1/2-1/2

[Event "Politiken Cup"]
[Site "Helsingor DEN"]
[Date "2009.07.26"]
[Round "10"]
[White "Wickstrom,L"]
[Black "Andersen,Mad"]
[Result "0-1"]
[WhiteElo "2177"]
[BlackElo "2336"]
[EventDate "2009.07.18"]

1. d4 Nf6 2. c4 g6 3. Nc3 d5 4. cxd5 Nxd5 5. e4 Nxc3 6. bxc3 Bg7 7. Nf3 c5
8. Rb1 O-O 9. Be2 b6 10. O-O Bb7 11. Qd3 Ba6 12. Qe3 Qd7 13. d5 Bxe2 14.
Qxe2 Bxc3 15. Rd1 Bg7 16. Bb2 f6 17. Qc4 Kh8 18. a4 Rd8 19. Rd2 Qg4 20. Rd3
Qc8 21. e5 Qa6 22. Qe4 Nd7 23. e6 c4 24. Rd4 Nc5 25. Qe2 Nxa4 26. Ba1 Nc5
27. Qc2 Nb3 28. Rh4 Kg8 29. Rxh7 Kxh7 30. Nh4 Rxd5 31. Qxg6+ Kg8 32. Qf7+
Kh8 33. Ng6+ Kh7 34. Bxf6 exf6 35. e7 Rdd8 36. Nf4 Qb5 37. Qg6+ Kh8 38. Nh5
Qg5 39. Qf7 Rf8 40. exf8=R+ Rxf8 41. Qxc4 Nd2 0-1

[Event "Politiken Cup"]
[Site "Helsingor DEN"]
[Date "2009.07.26"]
[Round "10"]
[White "Haubro,S"]
[Black "Bruehl,A"]
[Result "0-1"]
[WhiteElo "2144"]
[BlackElo "2360"]
[EventDate "2009.07.18"]

1. e4 e5 2. Nf3 Nc6 3. d4 exd4 4. Nxd4 Nf6 5. Nxc6 bxc6 6. Bd3 d5 7. exd5
cxd5 8. O-O Be7 9. Bf4 O-O 10. Nd2 Bg4 11. f3 Be6 12. g4 c5 13. c4 dxc4 14.
Nxc4 Nd5 15. Bd2 Nb4 16. Bxb4 cxb4 17. Qc2 g6 18. Rad1 Qd4+ 19. Kh1 Rfd8
20. b3 Qf4 21. Qf2 Rac8 22. Qg3 Bg5 23. Kg2 Rd4 24. Be2 Rcd8 25. Rxd4 Rxd4
26. Rf2 Bd5 27. Kh3 h5 28. Qxf4 Bxf4 29. gxh5 Be6+ 30. Kg2 gxh5 31. Bf1 h4
32. h3 Rd1 33. Be2 Rd5 34. Bf1 Kf8 35. Re2 Rg5+ 36. Kf2 Bd5 37. Rc2 Rg3 38.
Bg2 Be6 39. Ne3 Bxh3 40. Bh1 Be6 41. Re2 Rg5 42. Nf1 Re5 43. Rc2 a5 44. Rc6
Ke7 45. Rc7+ Kd6 46. Ra7 Rc5 47. Ne3 Rc3 48. Ra6+ Kc7 49. Ng4 Rc2+ 50. Kg1
Rxa2 51. Bg2 Bxb3 52. Rf6 Bg3 53. Bf1 Be6 54. Rh6 b3 55. Bd3 Rd2 56. Be4 a4
57. Rh5 a3 58. Rc5+ Kb6 59. Rc6+ Kb5 60. Rc1 b2 61. Rf1 a2 62. Kh1 a1=Q 63.
Rxa1 bxa1=Q+ 0-1

[Event "Politiken Cup"]
[Site "Helsingor DEN"]
[Date "2009.07.26"]
[Round "10"]
[White "Aabling Thomsen,J"]
[Black "Korley,K"]
[Result "1/2-1/2"]
[WhiteElo "2344"]
[BlackElo "2143"]
[EventDate "2009.07.18"]

1. e4 c5 2. Nf3 d6 3. Bb5+ Nd7 4. O-O Ngf6 5. e5 dxe5 6. Nxe5 a6 7. Bxd7+
Nxd7 8. Nf3 e6 9. d4 Nf6 10. Qe2 Qc7 11. Rd1 Be7 12. c4 O-O 13. Nc3 b6 14.
Bg5 cxd4 15. Rxd4 Bb7 16. Rh4 Ne8 17. Nd5 Bxd5 18. Bxe7 Bxf3 19. Qd3 f5 20.
Bxf8 Be4 21. Rxe4 fxe4 22. Qxe4 Rc8 23. Ba3 Qxc4 24. Qe1 Nf6 25. b3 Qe4 26.
Qf1 Rc2 27. Bd6 Qf5 28. Bg3 Ne4 29. a4 Nc3 30. Qxa6 Ne2+ 31. Kh1 Nxg3+ 32.
fxg3 Qd5 33. Rg1 Rxg2 34. Qc8+ Kf7 35. Qc7+ Kg6 36. Rxg2 Qd1+ 37. Rg1 Qf3+
38. Rg2 Qf1+ 1/2-1/2

[Event "Politiken Cup"]
[Site "Helsingor DEN"]
[Date "2009.07.26"]
[Round "10"]
[White "Madland,K"]
[Black "Fries Nielsen,JO"]
[Result "0-1"]
[WhiteElo "2017"]
[BlackElo "2439"]
[EventDate "2009.07.18"]

1. e4 g6 2. d4 Bg7 3. Nc3 c6 4. Nf3 d6 5. Bd3 Bg4 6. Be3 Qb6 7. O-O Qxb2 8.
Qd2 Qb6 9. Rab1 Qc7 10. Rb3 Bxf3 11. gxf3 Nd7 12. Rfb1 b6 13. d5 c5 14. Bb5
Ngf6 15. Bc6 O-O 16. Nb5 Qc8 17. Bxa8 Qxa8 18. c4 a6 19. Nc3 Nh5 20. f4 f5
21. f3 Qe8 22. Ne2 fxe4 23. fxe4 Ndf6 24. Qd3 Qc8 25. Bf2 b5 26. Bg3 Qh3
27. cxb5 Ng4 28. Qf3 axb5 29. Rxb5 Nhf6 30. Rb8 Ne8 31. Qg2 Qh5 32. a4 Ne3
33. Qf2 Nc4 34. Ra8 g5 35. f5 Nd2 36. Rbb8 Nf3+ 37. Kh1 Nf6 38. Rxf8+ Bxf8
39. Qe3 Qg4 40. Nc3 h5 41. Kg2 Nh4+ 42. Kf2 Kf7 43. Bxh4 Qxh4+ 44. Kg2 g4
45. a5 Nd7 46. Ne2 Bg7 47. Qg3 Qf6 48. Rd8 Qb2 49. Qf2 Ne5 50. Ng3 Qb1 51.
a6 h4 52. Qf1 Qa2+ 53. Qe2 Qa3 54. Nf1 Bh6 55. Rh8 Bg5 56. Rh5 Bf6 57. Ne3
h3+ 58. Kg3 c4 59. Kf4 Qxa6 60. Nxg4 Nd3+ 61. Kg3 Qb6 62. Kxh3 0-1

[Event "Politiken Cup"]
[Site "Helsingor DEN"]
[Date "2009.07.26"]
[Round "10"]
[White "Skytte,R"]
[Black "Holst,C"]
[Result "1/2-1/2"]
[WhiteElo "2396"]
[BlackElo "2159"]
[EventDate "2009.07.18"]

1. e4 c5 2. c3 g6 3. d4 cxd4 4. cxd4 d5 5. e5 Nc6 6. Nc3 a6 7. Bf4 h5 8. h3
Nh6 9. Nf3 Nf5 10. Be2 b5 11. O-O e6 12. Qd2 Be7 13. g4 hxg4 14. hxg4 Nh4
15. Nxh4 Rxh4 16. Bg3 Rh8 17. Kg2 Qb6 18. Rad1 Bb7 19. Qf4 g5 20. Qe3 O-O-O
21. b3 Kb8 22. a4 b4 23. a5 Nxa5 24. Na4 Qa7 25. f3 Rc8 26. Rh1 Rhf8 27.
Bf2 Bc6 28. Nc5 Bxc5 29. dxc5 Nb7 30. Ra1 a5 31. Qxg5 Rce8 32. Bd4 Nd8 33.
Qf4 Qc7 34. Rh7 Rh8 35. Rah1 Rxh7 36. Rxh7 a4 37. bxa4 Bxa4 38. Be3 Qb7 39.
Bd2 Bc2 40. c6 Nxc6 41. Rxf7 Qb6 42. Rf8 Rxf8 1/2-1/2

[Event "Politiken Cup"]
[Site "Helsingor DEN"]
[Date "2009.07.26"]
[Round "10"]
[White "Petersen,To1"]
[Black "Petkovic,P"]
[Result "1-0"]
[WhiteElo "2310"]
[BlackElo "2149"]
[EventDate "2009.07.18"]

1. g3 g6 2. Bg2 f5 3. c4 e5 4. Nc3 Bg7 5. d3 Nh6 6. Nf3 d6 7. Bg5 Qd7 8.
Nd5 Ng8 9. e4 c6 10. Nc3 f4 11. Nh4 Qf7 12. Bf3 Kf8 13. gxf4 exf4 14. Ng2
Bh6 15. h4 Nd7 16. d4 Bxg5 17. hxg5 Qxc4 18. Qd2 Qf7 19. Rh4 Kg7 20. Rxf4
Qe7 21. O-O-O Nb6 22. Be2 Bd7 23. Rh4 Rf8 24. f4 d5 25. f5 Qb4 26. f6+ Kf7
27. Rdh1 h5 28. Nf4 Nc4 29. Bxc4 Qxc4 30. b3 Qb4 31. Nd3 Qa3+ 32. Kb1 dxe4
33. Ne5+ Ke8 34. Nxd7 Kxd7 35. Rxe4 Nxf6 36. gxf6 Rxf6 37. d5 Kc8 38. dxc6
Rxc6 39. Rd1 Kb8 40. Qf4+ Ka8 41. Nb5 Qc5 42. Nc7+ Rxc7 43. Rc4 Qxc4 44.
bxc4 1-0

[Event "Politiken Cup"]
[Site "Helsingor DEN"]
[Date "2009.07.26"]
[Round "10"]
[White "Schou Moldt,T"]
[Black "Angskog,K"]
[Result "1/2-1/2"]
[WhiteElo "2142"]
[BlackElo "2255"]
[EventDate "2009.07.18"]

1. e4 g6 2. d4 Bg7 3. c4 c5 4. d5 d6 5. Nc3 Nf6 6. Be2 e6 7. dxe6 fxe6 8.
h4 Nc6 9. h5 Nd4 10. Be3 Qb6 11. hxg6 Qxb2 12. Bxd4 cxd4 13. Nb5 Nxe4 14.
Rb1 Qxa2 15. Ra1 Qb2 16. Rb1 Qa2 17. Rh3 Qa5+ 18. Kf1 a6 19. Bd3 Nd2+ 20.
Qxd2 Qxd2 21. Nxd6+ Kd7 22. Ne4 Qxd3+ 23. Rxd3 hxg6 24. Nc5+ Kc6 25. Nb3 e5
26. Rg3 Bf5 27. Na5+ Kc5 28. Nxb7+ Kc6 29. Na5+ Kc5 30. Nb7+ Kc6 1/2-1/2

[Event "Politiken Cup"]
[Site "Helsingor DEN"]
[Date "2009.07.26"]
[Round "10"]
[White "Kovachev,D"]
[Black "Karlsson,J"]
[Result "0-1"]
[WhiteElo "2240"]
[BlackElo "2118"]
[EventDate "2009.07.18"]

1. e4 g6 2. d4 Bg7 3. Nf3 d6 4. Bc4 e6 5. Nc3 a6 6. a4 b6 7. O-O Bb7 8. Re1
Nd7 9. Bf4 Ne7 10. Qe2 h6 11. h4 O-O 12. Rad1 Nf6 13. Bb3 Rc8 14. Bh2 d5
15. e5 Ng4 16. Bf4 Nf5 17. g3 h5 18. Nb1 c5 19. c3 Qd7 20. Nbd2 Bc6 21. Ra1
b5 22. axb5 Bxb5 23. Qd1 Qa7 24. Nf1 Rb8 25. dxc5 Qxc5 26. Nd4 Bxf1 27.
Rxf1 Bxe5 28. Bxe5 Nxe5 29. Nxf5 exf5 30. Rxa6 Rfd8 31. Ra4 d4 32. cxd4
Rxd4 33. Rxd4 Qxd4 34. Qc2 Qb4 35. Bd5 Qxb2 36. Qxb2 Rxb2 37. Re1 Ng4 38.
Re7 Nh6 39. Kg2 Kg7 40. Ra7 Rd2 41. Bb3 f4 42. gxf4 Rd3 43. Ba2 Rd6 44. Bb1
Rd4 45. Kg3 Rd1 46. Rb7 Rg1+ 47. Kh3 Ng4 48. f3 Ne3 49. Kh2 Rg2+ 50. Kh1
Rd2 51. Kg1 Ng2 52. f5 gxf5 53. Bxf5 Nxh4 54. Be4 Ng6 55. Rb5 Kh6 56. Rf5
Rd7 57. Kh2 Nh4 58. Ra5 f6 59. Kg3 Ng6 60. Ra6 Rf7 61. Bxg6 Kxg6 62. Ra5
Rb7 63. Ra8 Rb5 64. Rg8+ Kh7 65. Rf8 Rf5 66. Ra8 Kg7 67. Rb8 Re5 68. Kh4
Kf7 69. Rb6 Kg6 70. Rb8 Re3 71. Kg3 Ra3 72. Rg8+ Kh7 73. Rf8 Kg7 74. Rb8
Ra4 75. Rc8 h4+ 76. Kh3 Rf4 77. Rc5 Kg6 78. Ra5 f5 79. Ra8 Kf6 80. Re8 Ra4
81. Rb8 Ke5 82. Rb3 Rf4 83. Rd3 Rc4 84. Ra3 Kf6 85. Ra8 Kg5 86. Ra3 Rc2 87.
Rb3 Rf2 88. Ra3 Kf4 89. Ra4+ Kxf3 90. Ra3+ Kf4 91. Ra4+ Kg5 92. Ra8 Rf3+
93. Kg2 Rb3 94. Rh8 Kg4 95. Rg8+ Kf4 96. Ra8 Rg3+ 97. Kh2 Re3 98. Kg2 h3+
99. Kh2 Kg4 100. Rg8+ Kf4 101. Ra8 Rd3 102. Rf8 Ke4 103. Re8+ Kf3 104. Kxh3
f4 105. Rf8 Kf2+ 106. Kh2 f3 107. Ra8 Rd2 108. Ra1 Re2 109. Ra3 Kf1+ 110.
Kg3 f2 111. Ra1+ Re1 112. Ra2 Re3+ 113. Kh2 Re8 114. Ra1+ Ke2 115. Ra2+ Kf3
116. Ra3+ Re3 117. Ra1 Re1 118. Ra3+ Ke4 119. Ra4+ Kd5 0-1

[Event "Politiken Cup"]
[Site "Helsingor DEN"]
[Date "2009.07.26"]
[Round "10"]
[White "Brondum,E"]
[Black "Lindberg,H"]
[Result "0-1"]
[WhiteElo "2122"]
[BlackElo "2240"]
[EventDate "2009.07.18"]

1. e4 c5 2. Nf3 e6 3. d3 Nc6 4. g3 d5 5. Nbd2 g6 6. Bg2 Bg7 7. O-O Nge7 8.
c3 O-O 9. Re1 e5 10. exd5 Nxd5 11. Nc4 Re8 12. a4 Bf5 13. Nh4 Be6 14. Nf3
f6 15. Qc2 Rc8 16. Bd2 Qd7 17. Rad1 b6 18. Bc1 Qc7 19. Ne3 Qf7 20. Nd2 f5
21. Nxd5 Bxd5 22. Bxd5 Qxd5 23. Qb3 Qxb3 24. Nxb3 Rcd8 25. Be3 Bf6 26. h4
Rd5 27. Kf1 Kg7 28. f3 Red8 29. Ke2 R8d7 30. Rh1 h5 31. Rhg1 Kf7 32. g4
hxg4 33. fxg4 Bxh4 34. gxf5 gxf5 35. Bg5 Bxg5 36. Rxg5 e4 37. d4 cxd4 38.
cxd4 Kf6 39. Rg8 Nxd4+ 40. Nxd4 Rxd4 41. Rxd4 Rxd4 42. Rf8+ Ke6 0-1

[Event "Politiken Cup"]
[Site "Helsingor DEN"]
[Date "2009.07.26"]
[Round "10"]
[White "Pedersen,Pet2"]
[Black "Johansson,Th1"]
[Result "1/2-1/2"]
[WhiteElo "2119"]
[BlackElo "2208"]
[EventDate "2009.07.18"]

1. Nf3 f5 2. d3 Nc6 3. e4 e5 4. Nc3 Bc5 5. Nxe5 Nxe5 6. d4 Nf6 7. dxc5 fxe4
8. Nxe4 Nxe4 9. Qd5 Qf6 10. Qxe4 O-O 11. Be3 d5 12. cxd6 Qxd6 13. Rd1 Qf6
14. Be2 Bf5 15. Qf4 Rae8 16. O-O Qc6 17. Qb4 Qg6 18. Qh4 Bxc2 19. Bh5 Nf3+
20. Bxf3 Rxf3 21. Rd8 Rff8 22. Rxe8 Rxe8 23. Rc1 Qd3 24. Qd4 Qxd4 25. Bxd4
1/2-1/2

[Event "Politiken Cup"]
[Site "Helsingor DEN"]
[Date "2009.07.26"]
[Round "10"]
[White "Jorgensen,D"]
[Black "Svane,R"]
[Result "1/2-1/2"]
[WhiteElo "2207"]
[BlackElo "2080"]
[EventDate "2009.07.18"]

1. d4 d5 2. c4 c6 3. cxd5 cxd5 4. Nc3 Nc6 5. Bf4 Nf6 6. e3 a6 7. Bd3 Bg4 8.
Nge2 e6 9. Rc1 Bd6 10. f3 Bh5 11. Bxd6 Qxd6 12. O-O Rc8 13. Na4 Nd7 14. Qd2
Bg6 15. a3 Bxd3 16. Qxd3 O-O 17. Nc5 Rc7 18. Nxd7 Qxd7 19. Qd2 Rfc8 20. Rc3
Na7 21. Rfc1 Nb5 22. Rxc7 Rxc7 23. Nf4 Rxc1+ 24. Qxc1 Qc7 25. Qxc7 Nxc7 26.
Kf2 Kf8 27. Ke2 Ke7 28. h4 g6 29. g4 h6 30. Kd2 Ne8 31. Nd3 Nd6 32. b3 b6
33. a4 a5 34. Ke2 g5 35. hxg5 hxg5 36. Kd2 f6 37. Kc3 Kd7 1/2-1/2

[Event "Politiken Cup"]
[Site "Helsingor DEN"]
[Date "2009.07.26"]
[Round "10"]
[White "Tallaksen,L"]
[Black "Nguyen,Mi"]
[Result "1/2-1/2"]
[WhiteElo "2081"]
[BlackElo "2196"]
[EventDate "2009.07.18"]

1. d4 Nf6 2. Nf3 e6 3. Bg5 h6 4. Bh4 d6 5. e3 g5 6. Bg3 Nh5 7. Bd3 Bg7 8.
Nbd2 O-O 9. O-O Nxg3 10. fxg3 c5 11. c3 Nc6 12. Qe2 b6 13. Rad1 Qc7 14. Bb1
a5 15. d5 Ne7 16. Qd3 f5 17. e4 exd5 18. exd5 Ng6 19. Qc2 Bd7 20. g4 Rf6
21. gxf5 Bxf5 22. Ne4 1/2-1/2

[Event "Politiken Cup"]
[Site "Helsingor DEN"]
[Date "2009.07.26"]
[Round "10"]
[White "Guttulsrud,O"]
[Black "Rolvag,M"]
[Result "0-1"]
[WhiteElo "2030"]
[BlackElo "2196"]
[EventDate "2009.07.18"]

1. e4 c6 2. d4 d5 3. Nc3 dxe4 4. Nxe4 Nf6 5. Nxf6+ gxf6 6. c3 Bf5 7. Nf3
Nd7 8. Bd3 Bg6 9. O-O Bg7 10. Nh4 e6 11. f4 f5 12. Qe1 O-O 13. Be3 Nf6 14.
Nf3 Nd5 15. Bd2 c5 16. dxc5 Qc7 17. Ne5 Qxc5+ 18. Kh1 Qc7 19. c4 Ne7 20.
Bc3 Rfd8 21. Be2 Rac8 22. Rc1 f6 23. Nxg6 hxg6 24. b4 e5 25. Bd2 Bh6 26. c5
Kg7 27. g3 Nc6 28. Be3 Re8 29. Qc3 exf4 30. gxf4 Qe7 31. Rf3 Bxf4 32. Bxf4
Qxe2 33. Rg1 Qe4 34. Rd1 Rcd8 35. Rxd8 Rxd8 36. Qe3 Qxb4 37. Bd6 Qe4 38.
Kg1 Re8 39. Qxe4 Rxe4 40. a3 Nd4 41. Rd3 g5 42. Bg3 Ne2+ 43. Kg2 Nxg3 44.
hxg3 Re7 45. Rd6 Rc7 46. Rd5 Kg6 47. Kf2 g4 48. Ke3 Re7+ 49. Kf2 Re5 50.
Rd7 Rxc5 51. Rxb7 Ra5 52. Rb3 Kg5 53. Ke3 Ra4 54. Rc3 f4+ 55. gxf4+ Rxf4
56. Rc7 Rf3+ 57. Ke4 f5+ 58. Ke5 Re3+ 59. Kd4 Rxa3 0-1